000 01274nam a22003617a 4500
003 CHAP
005 20220329135514.0
008 971013s1982 r 00010 d
010 _a37718
011 _a38690
035 _a42810
040 _cCHAP
082 _a634.975
_bM5
100 0 0 _aMichigan Technological University.
_975428
245 _aArtificial regeneration of conifers in the upper great lakes region
_b: proceedings
260 _aHoughton, Mich. :
_b,
_c1982?
300 _a435 p.
_b: ilus
590 _aBATCH-UPD
_b10
_c20130110
_lUCH01
_h0113
590 _aBATCH-UPD
_b10
_c20130110
_lUCH01
_h1617
590 _aBATCH-UPD
_b10
_c20130409
_lUCH01
_h2105
590 _aBATCH-UPD
_b10
_c20130410
_lUCH01
_h1011
590 _aBATCH-UPD
_b10
_c20130914
_lUCH01
_h0712
590 _aCONVERSION
_b10
_c20130109
_lUCH01
_h1321
650 1 4 _aBosques
_xRegeneración.
_914377
650 1 4 _aConíferas
_xMichigan.
_927243
650 1 4 _aReforestación
_xMichigan.
_995496
700 0 _aBerner, Jane F., comp.
_911941
700 0 _aMroz, Glenn D.
_979236
901 _aBK
942 _cLIBRO
949 _a634.975 M5
_bBC
_cLIBRO
_d33724000238069
_eLIBRO
_h62309
_i42810
_mDir
_si
_t6.62
949 _a634.975 M5
_bBC
_cLIBRO
_d33724002022181
_eLIBRO
_fc.2
_gI.120658
_h65922
_i42810
_si
_t6.62
999 _c37718
_d37718